[Event "Passau op 8th"]
[Site "Passau"]
[Date "2000.04.23"]
[Round "6"]
[White "Jediss, Harald"]
[Black "Reich, Markus"]
[Result "1/2-1/2"]
[WhiteElo "2141"]
[BlackElo "1877"]
[PlyCount "118"]
[EventDate "2000.04.21"]
[EventType "swiss"]
[EventRounds "7"]
[EventCountry "GER"]
[SourceTitle "CBM 076 Extra"]
[Source "ChessBase"]
[SourceDate "2000.07.11"]
[SourceVersion "1"]
[SourceVersionDate "2000.07.11"]
[SourceQuality "1"]

1. e4 e6 2. d4 d5 3. e5 c5 4. Nf3 cxd4 5. Bd3 Nc6 6. 0-0 f5 7. Nbd2 Bc5 8. Nb3 Bb6 9. Bg5 Nge7 10. Re1 0-0 11. h4 Qe8 12. a3 h6 13. Bd2 Qh5 14. g3 Qg4 15. Nh2 Qxd1 16. Raxd1 f4 17. Bxf4 Nf5 18. Bc1 Bc7 19. Bxf5 Rxf5 20. f4 Bb6 21. Kg2 Bd7 22. Nf3 Rc8 23. Re2 Be8 24. g4 Rf8 25. Nbxd4 Nxd4 26. Nxd4 Bxd4 27. Rxd4 h5 28. gxh5 Bxh5 29. Rf2 Bg6 30. c3 Bf5 31. Kg3 g6 32. Be3 Rf7 33. Rfd2 Rfc7 34. Rh2 Rh7 35. Ra4 a6 36. Rd2 Rhc7 37. Rb4 Kg7 38. Rb6 Rf7 39. Bd4 Rcc7 40. Rh2 Kh6 41. b4 Rc4 42. Rb2 Rfc7 43. a4 R4c6 44. Rxc6 bxc6 45. Bb6 Rc8 46. Rh2 Be4 47. Bc5 Re8 48. a5 Kh5 49. Bf2 Rf8 50. Bc5 Re8 51. Bd6 Rh8 52. Be7 Rh7 53. Bg5 Rc7 54. Rb2 Bf5 55. Kf2 Rb7 56. Ke3 Rb5 57. Be7 Rb7 58. Bg5 Rb5 59. Bd8 Rb8 1/2-1/2

[Event "Passau op 8th"]
[Site "Passau"]
[Date "2000.04.21"]
[Round "1"]
[White "Jediss, Harald"]
[Black "Iseni, Argient"]
[Result "1-0"]
[WhiteElo "2142"]
[BlackElo "1709"]
[PlyCount "81"]
[EventDate "2000.04.21"]
[EventType "swiss"]
[EventRounds "7"]
[EventCountry "GER"]
[SourceTitle "CBM 076 Extra"]
[Source "ChessBase"]
[SourceDate "2000.07.11"]
[SourceVersion "1"]
[SourceVersionDate "2000.07.11"]
[SourceQuality "1"]

1. e4 e6 2. d4 d5 3. e5 c5 4. Nf3 Nc6 5. Bd3 Qb6 6. 0-0 cxd4 7. Re1 f6 8. exf6 Nxf6 9. Bf5 Nd8 10. Nxd4 Bc5 11. c3 0-0 12. Bc2 Nf7 13. b4 Bd6 14. a4 e5 15. a5 Qd8 16. Nf5 Bb8 17. g4 Nd6 18. Bg5 Nxf5 19. gxf5 e4 20. Bxf6 Rxf6 21. Bxe4 Rd6 22. Bg2 Bxf5 23. Na3 Qg5 24. Kh1 Rg6 25. Bxd5+ Kf8 26. Qf3 Rf6 27. Qe3 Qxe3 28. fxe3 Rh6 29. Re2 Bd3 30. Rf2+ Ke7 31. Bxb7 Rxh2+ 32. Rxh2 Bxh2 33. Bxa8 Be5 34. Rd1 Be2 35. Rd2 Bh5 36. c4 Bc3 37. Rh2 Bg6 38. b5 Bxa5 39. c5 Bb4 40. b6 axb6 41. Nc4 1-0

[Event "Passau op 7th"]
[Site "Passau"]
[Date "1999.04.05"]
[Round "7"]
[White "Jediss, Harald"]
[Black "Schopf, Martin"]
[Result "1/2-1/2"]
[WhiteElo "1846"]
[BlackElo "2165"]
[PlyCount "35"]
[EventDate "1999.04.02"]
[EventType "swiss"]
[EventRounds "7"]
[EventCountry "GER"]
[SourceTitle "EXT 2000"]
[Source "ChessBase"]
[SourceDate "1999.11.16"]
[SourceVersion "1"]
[SourceVersionDate "1999.11.16"]
[SourceQuality "1"]

1. e4 e6 2. d4 d5 3. e5 c5 4. Nf3 Nc6 5. Bd3 cxd4 6. 0-0 Nge7 7. Bf4 Ng6 8. Bg3 Qb6 9. Nbd2 Qxb2 10. Nb3 Bd7 11. h4 Rc8 12. h5 Nge7 13. Nc5 Qb6 14. Nxd7 Kxd7 15. Rb1 Qc7 16. Ng5 Ke8 17. Qf3 Ng8 18. Rb5 1/2-1/2

[Event "Passau op 7th"]
[Site "Passau"]
[Date "1999.04.04"]
[Round "6"]
[White "Bauer, Maximilian"]
[Black "Jediss, Harald"]
[Result "0-1"]
[WhiteElo "1601"]
[BlackElo "1846"]
[PlyCount "118"]
[EventDate "1999.04.02"]
[EventType "swiss"]
[EventRounds "7"]
[EventCountry "GER"]
[SourceTitle "EXT 2000"]
[Source "ChessBase"]
[SourceDate "1999.11.16"]
[SourceVersion "1"]
[SourceVersionDate "1999.11.16"]
[SourceQuality "1"]

1. d4 Nf6 2. Nf3 g6 3. c4 Bg7 4. Nc3 0-0 5. Bf4 d6 6. e3 c6 7. Qb3 Nbd7 8. Bd3 Nh5 9. Bg3 Nxg3 10. hxg3 e5 11. dxe5 Nc5 12. Qc2 dxe5 13. 0-0-0 Qe7 14. e4 a6 15. Na4 Nxd3+ 16. Rxd3 f5 17. Nd2 Be6 18. Nb6 Rad8 19. Rxd8 Rxd8 20. Nb3 Qb4 21. c5 fxe4 22. Qc3 Qxc3+ 23. bxc3 Rf8 24. Rf1 e3 25. f3 e4 26. Kd1 exf3 27. gxf3 Bxc3 28. Ke2 Bb4 29. Rc1 Bxb3 30. axb3 Rf5 31. Nd7 Bd2 32. Rh1 h5 33. Rh3 Kg7 34. Rh4 Rd5 35. Nb6 Rxc5 36. Nc4 Rb5 37. Nxe3 Bxe3 38. Kxe3 Rxb3+ 39. Kf4 Rb4+ 40. Ke3 Rxh4 41. gxh4 c5 42. Kd3 b5 43. Kc2 a5 44. Kb2 Kf6 45. Ka1 Kf5 46. Kb2 Kf4 47. Ka1 Kxf3 48. Kb2 Kg4 49. Ka1 Kxh4 50. Kb2 Kg3 51. Kb3 Kf3 52. Kb2 h4 53. Kb3 h3 54. Kb2 h2 55. Kb3 h1Q 56. Kb2 Ke3 57. Ka2 Kd3 58. Kb2 Qd1 59. Ka2 Kc3 0-1

[Event "Passau op 7th"]
[Site "Passau"]
[Date "1999.04.03"]
[Round "3"]
[White "Jediss, Harald"]
[Black "Hahn, Dietmar"]
[Result "1/2-1/2"]
[WhiteElo "1846"]
[BlackElo "2146"]
[PlyCount "78"]
[EventDate "1999.04.02"]
[EventType "swiss"]
[EventRounds "7"]
[EventCountry "GER"]
[SourceTitle "EXT 2000"]
[Source "ChessBase"]
[SourceDate "1999.11.16"]
[SourceVersion "1"]
[SourceVersionDate "1999.11.16"]
[SourceQuality "1"]

1. e4 c5 2. Nf3 d6 3. d4 cxd4 4. Nxd4 Nf6 5. Nc3 a6 6. Bc4 e6 7. a3 b5 8. Bb3 Bb7 9. Bg5 Be7 10. Bxf6 Bxf6 11. 0-0 Qb6 12. Nde2 Nd7 13. Ba2 Nc5 14. Ng3 Bxc3 15. bxc3 Nxe4 16. Nxe4 Bxe4 17. Re1 d5 18. Bxd5 Bxd5 19. Qxd5 Rd8 20. Qb3 0-0 21. Rad1 Qc5 22. Rd3 Rc8 23. h3 h6 24. Red1 Qe5 25. Re3 Qc7 26. Red3 Qc4 27. Qb2 e5 28. Rg3 Rcd8 29. Rdd3 f5 30. Qb3 Kh8 31. Qxc4 bxc4 32. Rxd8 Rxd8 33. Rg6 Rd1+ 34. Kh2 Rd2 35. Rxa6 Rxc2 36. a4 Rxc3 37. a5 Ra3 38. Ra8+ Kh7 39. a6 Kg6 1/2-1/2

[Event "Passau op 7th"]
[Site "Passau"]
[Date "1999.04.03"]
[Round "4"]
[White "Ritz, Thomas"]
[Black "Jediss, Harald"]
[Result "1-0"]
[WhiteElo "2188"]
[BlackElo "1846"]
[PlyCount "81"]
[EventDate "1999.04.02"]
[EventType "swiss"]
[EventRounds "7"]
[EventCountry "GER"]
[SourceTitle "EXT 2000"]
[Source "ChessBase"]
[SourceDate "1999.11.16"]
[SourceVersion "1"]
[SourceVersionDate "1999.11.16"]
[SourceQuality "1"]

1. d4 e6 2. c4 d5 3. g3 Nf6 4. Bg2 c6 5. Nf3 Bd6 6. 0-0 Nbd7 7. Nc3 b6 8. Re1 0-0 9. e4 dxe4 10. Ng5 Bb7 11. Ngxe4 Nxe4 12. Nxe4 Be7 13. Be3 Nf6 14. Qe2 Nxe4 15. Bxe4 Bf6 16. Rad1 Qe7 17. Qh5 g6 18. Qf3 Rac8 19. b3 Rfd8 20. h4 h5 21. b4 Ba6 22. c5 Bc4 23. Bxc6 Bxh4 24. d5 Qf6 25. dxe6 Qxe6 26. Bb7 Be7 27. Bxc8 Qxc8 28. Rxd8+ Bxd8 29. Bd4 Be6 30. Qe3 Kf8 31. Be5 bxc5 32. Bd6+ Kg7 33. bxc5 Bxa2 34. Qe8 Be6 35. Qf8+ Kh7 36. Be5 f6 37. Bxf6 Bxf6 38. Qxf6 Bg8 39. Re7+ Kh6 40. Qf4+ g5 41. Qf6# 1-0

[Event "Passau op 7th"]
[Site "Passau"]
[Date "1999.04.02"]
[Round "1"]
[White "Jediss, Harald"]
[Black "Hiermann, Dietmar"]
[Result "1-0"]
[WhiteElo "1846"]
[BlackElo "2369"]
[PlyCount "76"]
[EventDate "1999.04.02"]
[EventType "swiss"]
[EventRounds "7"]
[EventCountry "GER"]
[SourceTitle "EXT 2000"]
[Source "ChessBase"]
[SourceDate "1999.11.16"]
[SourceVersion "1"]
[SourceVersionDate "1999.11.16"]
[SourceQuality "1"]

1. e4 e5 2. d4 exd4 3. Qxd4 Nc6 4. Qe3 b6 5. Nc3 Bb7 6. Bd2 Bc5 7. Qg3 Nf6 8. Bc4 0-0 9. 0-0-0 Re8 10. f3 Ne5 11. Bb3 Ng6 12. h4 Bd6 13. Qf2 Nh5 14. Nge2 Nhf4 15. h5 Nxe2+ 16. Nxe2 Nf8 17. g4 Ne6 18. g5 Ba6 19. g6 Qf6 20. Nc3 fxg6 21. Nd5 Qf8 22. hxg6 h6 23. f4 Nc5 24. Nf6+ Kh8 25. Nxe8 Nxb3+ 26. axb3 Rxe8 27. Qd4 Kg8 28. e5 Bc5 29. Qd5+ Re6 30. Qxd7 Rxg6 31. f5 Rg3 32. f6 gxf6 33. Rxh6 Rg7 34. Qe6+ Qf7 35. Qxf7+ Kxf7 36. Rxf6+ Ke7 37. Bh6 Rh7 38. Bg5 Ke8 1-0